| 000 | 01011nam a22002537a 4500 | ||
|---|---|---|---|
| 005 | 20170124103042.0 | ||
| 010 | _aA-648443 | ||
| 020 |
_c50.00 _a8170161614 |
||
| 035 | _aA-648443 | ||
| 037 | _bCen Lib/Ret | ||
| 040 |
_aDPL _bHN |
||
| 082 |
_aक _bचन्द्रका |
||
| 100 |
_aचन्द्रकान्ता _967605 |
||
| 245 |
_aकोठे पर कागा / _cचन्द्रकान्ता |
||
| 246 |
_aKothe par kaga / _bby Chandrakanta |
||
| 260 |
_aनयी दिल्ली _bकिताबघर _c1993 |
||
| 270 |
_a24, अंसारी रोड _bनयी दिल्ली _e110002 |
||
| 300 |
_a144पृ. _c17सेमी(सजिल्द ) |
||
| 650 |
_aहिंदी साहित्य _x _z _967606 |
||
| 650 |
_aहिंदी साहित्य--कहानियां _942761 |
||
| 650 |
_aHindi literature _v _967607 |
||
| 650 |
_aHindi literature--Stories _967608 |
||
| 942 |
_2ddc _cHN _hक _mचन्द्रका |
||
| 999 |
_c116656 _d116656 |
||